Normal view
MARC view
Entry Personal Name
001 - CONTROL NUMBER
- control field: 2590
003 - CONTROL NUMBER IDENTIFIER
- control field: BD-RjUL
005 - DATE AND TIME OF LATEST TRANSACTION
- control field: 20220419151358.0
008 - FIXED-LENGTH DATA ELEMENTS
- fixed length control field: 220419|| aca||aabn | a|a d
040 ## - CATALOGING SOURCE
- Original cataloging agency: BD-RjUL
- Transcribing agency: BD-RjUL
100 ## - HEADING--PERSONAL NAME
- Personal name: Marghīnānī, ʻAlī ibn Abī Bakr,
- Dates associated with a name: 1196 or 1197
670 ## - SOURCE DATA FOUND
- Source citation: Work cat.: (BD-RjUL)79732: [Marginani, Ali bin Abi Bakr]مرغيناني، علي بن أبي بكر 2589, الهداية : مع الدراية في منتخب تخريج أحاديث الهداي ة [Al-Hidāyah : maʻa al-Dirāyah fī muntakhab takhrīj aḥādīth al-Hidāyah] /, 1952 ?